| 000 | 00441nam a22001577a 4500 | ||
|---|---|---|---|
| 003 | OSt | ||
| 005 | 20240416121303.0 | ||
| 008 | 240416b |||||||| |||| 00| 0 eng d | ||
| 040 | _cMRSPTU | ||
| 100 | _aSarjeet Talwar (ਸਰਜੀਤ ਤਲਵਾਰ) | ||
| 245 | _aGrahan De Kahani (ਗ੍ਰਹਿਣਾਂ ਦੀ ਕਹਾਣੀ) | ||
| 250 | _a1st | ||
| 260 |
_aPunjab _bTarkbharti Parkashan _c2006 |
||
| 300 | _a95 | ||
| 942 |
_2ddc _cBK _n0 |
||
| 999 |
_c10049 _d10049 |
||